00589nam a2200181Ii 450000100060000000300090000600800410001504000330005604100080008908200180009710000280011524501170014326400540026030000120031433600260032633700280035233800270038019950CO-ViMGA241108s9999||||xx |||||||||||||| ||und|| aCO-ViMGAbspaerdacCO-ViMGA0 aspa04a986.592 T67na1 aManuel Adolfo Torres N.10aNación Guayupe, entre la grandeza y el olvido :brecopilación de textos sobre una civilización desconocida 1aBogotá, Colombia : Gobernación del Meta, 2013 avolumen atextbtxt2rdacontent aunmediatedbn2rdamedia avolumebnc2rdacarrier